00746cam a2200229 a 450000100100000000500170001000800410002704000250006804100130009308200190010610000340012524500770015926000390023630000170027544000370029244000370032953400550036665000190042165000230044070000350046374000180049800000443020200929151436.0810211s1985 cl 000 f spa  aDO-SdBNPbspacBNPHU17aspaheng a823.7bD548ó1 aDickens, Charles,d1812-1870.10aOliver Twist /cCharles Dickens ; traducción, José Méndez Herrera. aSantiago, Chile :bErcilia,c1985. a2t ;c19 cm. 0at.1 Biblioteca Arcilla ;vno. 28 0at.2 Biblioteca Arcilla ;vno. 29 aTítulo original: The adventures of Oliver Twist. 4aNovela inglesa 4aLiteratura inglesa1 aMéndez Herrera, José,etr.0 aOliver Twist.